书目信息 |
| 题名: |
人之规与人之格
|
|
| 作者: | 李翠华, 著 | |
| 分册: | ||
| 出版信息: | 延吉 延边大学出版社 2017 |
|
| 页数: | 197页 | |
| 开本: | 26cm | |
| 丛书名: | ||
| 单 册: | ||
| 中图分类: | B825.4 | |
| 科图分类: | ||
| 主题词: | 人格--ren ge--青少年教育--研究 | |
| 电子资源: | ||
| ISBN: | 978-7-5688-1246-7 | |
| 000 | 00847nam0 2200253 450 | |
| 001 | 012001004479 | |
| 005 | 20131022175221.0 | |
| 010 | @a978-7-5688-1246-7@dCNY43.00 | |
| 099 | @aCAL 012017132284 | |
| 100 | @a20170818d2017 em y0chiy50 ea | |
| 101 | 0 | @achi |
| 102 | @aCN@b220000 | |
| 105 | @ay a 000yy | |
| 106 | @ar | |
| 200 | 1 | @a人之规与人之格@Aren zhi gui yu ren zhi ge@f李翠华著 |
| 210 | @a延吉@c延边大学出版社@d2017 | |
| 215 | @a197页@d26cm | |
| 320 | @a有书目 (第193-194页) | |
| 330 | @a本书共分13章, 包括规矩与人格概述 ; 社会危机与青少年的人格危机 ; 人格养成的价值取向 ; 总叙 —— 石训皆为圣人言 ; 入则孝: 养成孝亲感恩的人格等内容。 | |
| 606 | 0 | @a人格@Aren ge@x青少年教育@x研究 |
| 690 | @aB825.4@v5 | |
| 701 | 0 | @a李翠华,@Ali cui hua@f1959-@4著 |
| 801 | 0 | @aCN@b江苏凤凰@c20191020 |
| 905 | @b1223486-90@dB825.4@e1609@f5 | |
| 人之规与人之格/李翠华著.-延吉:延边大学出版社,2017 |
| 197页;26cm |
| ISBN 978-7-5688-1246-7:CNY43.00 |
| 本书共分13章, 包括规矩与人格概述 ; 社会危机与青少年的人格危机 ; 人格养成的价值取向 ; 总叙 —— 石训皆为圣人言 ; 入则孝: 养成孝亲感恩的人格等内容。 |
| ● |
| 相关链接 |
|
|
|
|
正题名:人之规与人之格
索取号:B825.4/1609
 
预约/预借
| 序号 | 登录号 | 条形码 | 馆藏地/架位号 | 状态 | 备注 |
| 1 | 1223486 | 212234866 | 第一样本阅览室/ [索取号:B825.4/1609] | 在馆 | |
| 2 | 1223487 | 212234875 | 教育系资料室/ [索取号:B825.4/1609] | 在馆 | |
| 3 | 1223488 | 212234884 | 教育系资料室/ [索取号:B825.4/1609] | 在馆 | |
| 4 | 1223489 | 212234893 | 第一借阅区/ [索取号:B825.4/1609] | 在馆 | |
| 5 | 1223490 | 212234900 | 第一借阅区/ [索取号:B825.4/1609] | 在馆 |